000 00675nam a2200253Ia 4500
003 OSt
005 20221005050054.0
006 a|||||r|||| 00| 0
007 ta
008 221004b |||||||| |||| 00| 0 eng d
020 _a8172361343
024 _a195
037 _cTextual
040 _aCRL
_cCRL
_beng
041 _2eng
_aeng
082 _az2x, P3
100 _aBanerjee Biswanath Ed.
245 0 _aFuture of indology
_b a collection of seminar papers
260 _aKolkata
_bThe Asiatic Society India
_c2003
300 _a168p.
_ccm.
650 _aGENERALIA
942 _hz2x, P3
_cTEXL
_2cc
999 _c956264
_d956264